Catálogo

La evaluación significativa / (Registro nro. 55859)

Detalles MARC
000 -LEADER
fixed length control field 00948nam a2200277 a 4500
001 - CONTROL NUMBER
control field 55859
005 - DATE AND TIME OF LATEST TRANSACTION
control field 20191004131933.0
008 - FIXED-LENGTH DATA ELEMENTS--GENERAL INFORMATION
fixed length control field 140415s2010 ag r 000 0 spa d
020 ## - INTERNATIONAL STANDARD BOOK NUMBER
International Standard Book Number 9789501215298
040 ## - CATALOGING SOURCE
Original cataloging agency MX-PuUPA
Language of cataloging spa
Description conventions rda
Transcribing agency Mx-PuUPA
Modifying agency Mx-PuUPA
041 0# - LANGUAGE CODE
Language code of text/sound track or separate title spa
082 0# - DEWEY DECIMAL CLASSIFICATION NUMBER
Classification number 370
Item number EVA
245 03 - TITLE STATEMENT
Title La evaluación significativa /
Statement of responsibility, etc. compilador Rebeca Anijovich, Alicia R. W. de Camilloni, Graciela Cappelletti, [y otros tres].
250 ## - EDITION STATEMENT
Edition statement 1a edición
264 #1 - PRODUCTION, PUBLICATION, DISTRIBUTION, MANUFACTURE, AND COPYRIGHT NOTICE
Place of production, publication, distribution, manufacture Argentina :
Name of producer, publisher, distributor, manufacturer Editorial Paidós SAICF,
Date of production, publication, distribution, manufacture, or copyright notice 2010
300 ## - PHYSICAL DESCRIPTION
Extent 206 páginas ;
Dimensions 22 cm.
336 ## - CONTENT TYPE
Content type term textos
Source rdacontent
337 ## - MEDIA TYPE
Media type term sin mediación
Source rdamedia
338 ## - CARRIER TYPE
Carrier type term volumen
Source rdacarrier
490 0# - SERIES STATEMENT
Series statement Voces de la educación ;
Volume/sequential designation 13519
650 #4 - SUBJECT ADDED ENTRY--TOPICAL TERM
Topical term or geographic name entry element Educación
700 1# - ADDED ENTRY--PERSONAL NAME
Personal name Anijovich, Rebeca,
Relator term compilador
700 1# - ADDED ENTRY--PERSONAL NAME
Personal name R.W. de Camilloni, Alicia,
Relator term compilador
700 1# - ADDED ENTRY--PERSONAL NAME
Personal name Cappelletti, Graciela,
Numeration compilador
942 ## - ADDED ENTRY ELEMENTS (KOHA)
Classification part 370
Item part EVA
Koha item type Libro
Existencias
Withdrawn status Lost status Source of classification or shelving scheme Damaged status Not for loan Collection code Home library Current library Shelving location Date acquired Source of acquisition Inventory number Total Checkouts Full call number Barcode Date last seen Date last checked out Price effective from Koha item type
    Dewey Decimal Classification     General Biblioteca Karol Wojtyla Biblioteca Karol Wojtyla Sala general 03/12/2013 Compra 151000000000000000047700 1 370 EVA 2010 83949 05/01/2026 22/09/2023 22/06/2018 Libro